ARRUPE JESUIT UNIVERSITY

CORONAVIRUS -STOP THE SPREAD - CLEAN,DISINFECT,COVER

Pauline Christology : (Record no. 124271)

MARC details
000 -LEADER
fixed length control field 02697cam a2200409 a 4500
001 - CONTROL NUMBER
control field 8635178
003 - CONTROL NUMBER IDENTIFIER
control field ARRUPE
005 - DATE AND TIME OF LATEST TRANSACTION
control field 20160303113820.0
008 - FIXED-LENGTH DATA ELEMENTS--GENERAL INFORMATION
fixed length control field 060822s2007 mau b 001 0 eng
010 ## - LIBRARY OF CONGRESS CONTROL NUMBER
LC control number 2006027753
020 ## - INTERNATIONAL STANDARD BOOK NUMBER
International Standard Book Number 1598560352
020 ## - INTERNATIONAL STANDARD BOOK NUMBER
International Standard Book Number 9781598560350
024 ## - OTHER STANDARD IDENTIFIER
Standard number or code 99942917025
035 ## - SYSTEM CONTROL NUMBER
System control number (DLC) 2006027753
035 ## - SYSTEM CONTROL NUMBER
System control number (OCoLC)71266373
035 ## - SYSTEM CONTROL NUMBER
System control number (NNC)8635178
040 ## - CATALOGING SOURCE
Original cataloging agency DLC
Transcribing agency DLC
Modifying agency YDX
-- BAKER
-- UKM
-- GHS
-- YDXCP
-- BTCTA
-- CVN
-- NLGGC
-- BWX
-- NNG
-- ITC
050 00 - LIBRARY OF CONGRESS CALL NUMBER
Classification number BS2651
Item number .F35 2007
066 ## - CHARACTER SETS PRESENT
Alternate G0 or G1 character set (S
082 00 - DEWEY DECIMAL CLASSIFICATION NUMBER
Classification number 232.092
Edition number 22
084 ## - OTHER CLASSIFICATION NUMBER
Classification number 11.46
Source of number bcl
300 ## - PHYSICAL DESCRIPTION
Dimensions 24 cm.
100 1# - MAIN ENTRY--PERSONAL NAME
Personal name Fee, Gordon D.
9 (RLIN) 15590
245 10 - TITLE STATEMENT
Title Pauline Christology :
Remainder of title an exegetical-theological study /
Statement of responsibility, etc Gordon D. Fee.
260 ## - PUBLICATION, DISTRIBUTION, ETC. (IMPRINT)
Place of publication, distribution, etc Peabody, Mass. :
Name of publisher, distributor, etc Hendrickson Publishers,
Date of publication, distribution, etc c2007.
300 ## - PHYSICAL DESCRIPTION
Extent xxxi, 707 p. ;
504 ## - BIBLIOGRAPHY, ETC. NOTE
Bibliography, etc Includes bibliographical references (p. [639]-665) and indexes.
505 00 - FORMATTED CONTENTS NOTE
Linkage 880-01
Title Introduction --
-- Christology in the Thessalonian correspondence --
-- Christology in 1 Corinthians --
-- Christology in 2 Corinthians --
-- Christology in Galatians --
-- Christology in Romans --
-- Christology in Colossians (and Philemon) --
-- Christology in Ephesians --
-- Christology in Philippians --
-- Christology in the Pastoral Epistles --
-- Christ, the divine Savior --
-- Christ, preexistent and incarnate Savior --
-- Jesus as second Adam --
-- Jesus, Jewish Messiah and Son of God --
-- Jesus, Jewish Messiah and exalted Lord --
-- Christ and the Spirit : Paul as a proto-Trinitarian --
-- Appendix A : Christ and personified wisdom --
-- Appendix B : Paul's use of [kyrios] for Christ in citations and echoes of the Septuagint.
600 00 - SUBJECT ADDED ENTRY--PERSONAL NAME
Personal name Paul, N.T.
Titles and other words associated with a name the Apostle, Saint.
9 (RLIN) 22638
600 00 - SUBJECT ADDED ENTRY--PERSONAL NAME
Personal name Jesus Christ
General subdivision History of doctrines.
9 (RLIN) 7447
630 00 - SUBJECT ADDED ENTRY--UNIFORM TITLE
Name of part/section of a work Epistles of Paul
9 (RLIN) 22639
880 00 - ALTERNATE GRAPHIC REPRESENTATION
Linkage 505-01/(S
t Introduction --
-- Christology in the Thessalonian correspondence --
-- Christology in 1 Corinthians --
-- Christology in 2 Corinthians --
-- Christology in Galatians --
-- Christology in Romans --
-- Christology in Colossians (and Philemon) --
-- Christology in Ephesians --
-- Christology in Philippians --
-- Christology in the Pastoral Epistles --
-- Christ, the divine Savior --
-- Christ, preexistent and incarnate Savior --
-- Jesus as second Adam --
-- Jesus, Jewish Messiah and Son of God --
-- Jesus, Jewish Messiah and exalted Lord --
-- Christ and the Spirit : Paul as a proto-Trinitarian --
-- Appendix A : Christ and personified wisdom --
-- Appendix B : Paul's use of κτ̔̈«”ϐγ·ριος for Christ in citations and echoes of the Septuagint.
942 ## - ADDED ENTRY ELEMENTS (KOHA)
Source of classification or shelving scheme Library of Congress Classification
Koha item type Monograph ( Printed materials)
948 1# - LOCAL PROCESSING INFORMATION (OCLC); SERIES PART DESIGNATOR (RLIN)
Series part designator, SPT (RLIN) 20110909
b (OCLC) c
c (OCLC) rad1
d (OCLC) MPS
987 ## - LOCAL ROMANIZATION/CONVERSION HISTORY (OCLC)
Romanization/conversion identifier 2529207
Holdings
Withdrawn status Lost status Source of classification or shelving scheme Damaged status Not for loan Collection code Home library Current library Shelving location Date acquired Total Checkouts Full call number Barcode Date last seen Price effective from Koha item type
    Library of Congress Classification     Main Collection ARRUPE LIBRARY ARRUPE LIBRARY Main Collection 01/03/2016   BS2651 .F35 2007 46500005868 01/03/2016 01/03/2016 Monograph ( Printed materials)

 

Arrupe Library. PO Box MP320 Mt Pleasant, Harare, Zimbabwe
263 242 745411|librarian@aju.ac.zw